Красивые птицы в технике модульного оригами

Xehetasun bibliografikoak
Egile nagusia: Зайцева А. А. Анна Анатольевна
Gaia:В своей новой книге известный российский дизайнер, член Международной ассоциации "Союз дизайнеров", Анна Зайцева познакомит вас с безграничными возможностями модульного оригами. Нужно только научиться выбирать подходящую бумагу, делать заготовки для базовых модулей, складывать их и соединять между собой несколькими разными способами - этого небольшого арсенала достаточно, чтобы сложить удивительно красивые объемные фигуры: от классических стилизованных до необыкновенно реалистичных! Благодаря подробным описаниям, пошаговым фотографиям и понятным схемам сборки вы легко изготовите лебедя, павлина, фламинго, а также иволгу, зяблика, синицу-лазоревку и многих других замечательных птиц.
Hizkuntza:errusiera
Argitaratua: Москва, Эксмо, 2013
Saila:Азбука рукоделия
Gaiak:
Formatua: MixedMaterials Liburua
KOHA link:https://koha.lib.tpu.ru/cgi-bin/koha/opac-detail.pl?biblionumber=257623

MARC

LEADER 00000nam0a2200000 4500
001 257623
005 20231101233224.0
010 |a 9785699654567 
035 |a (RuTPU)RU\TPU\book\280436 
090 |a 257623 
100 |a 20140418d2013 m y0rusy50 ca 
101 0 |a rus 
102 |a RU 
105 |a a z 000zy 
200 1 |a Красивые птицы в технике модульного оригами  |f А. А. Зайцева 
210 |a Москва  |c Эксмо  |d 2013 
215 |a 64 с.  |c ил. 
225 1 |a Азбука рукоделия 
330 |a В своей новой книге известный российский дизайнер, член Международной ассоциации "Союз дизайнеров", Анна Зайцева познакомит вас с безграничными возможностями модульного оригами. Нужно только научиться выбирать подходящую бумагу, делать заготовки для базовых модулей, складывать их и соединять между собой несколькими разными способами - этого небольшого арсенала достаточно, чтобы сложить удивительно красивые объемные фигуры: от классических стилизованных до необыкновенно реалистичных! Благодаря подробным описаниям, пошаговым фотографиям и понятным схемам сборки вы легко изготовите лебедя, павлина, фламинго, а также иволгу, зяблика, синицу-лазоревку и многих других замечательных птиц. 
606 1 |a Оригами  |2 stltpush  |3 (RuTPU)RU\TPU\subj\70631  |9 84836 
610 1 |a декоративно-прикладное искусство 
610 1 |a бумага 
610 1 |a поделки 
675 |a 745/.749  |v 3 
700 1 |a Зайцева  |b А. А.  |g Анна Анатольевна 
801 1 |a RU  |b 63413507  |c 20140418 
801 2 |a RU  |b 63413507  |c 20140710  |g RCR 
900 |a Объемное моделирование 
942 |c BK 
959 |a 67/20140410  |d 1  |e 0  |f ХФ:1